| 000 | 00500nam a2200121Ia 4500 | ||
|---|---|---|---|
| 008 | 220615s9999||||xx |||||||||||||| ||und|| | ||
| 100 | _aDurant, Alan||Leung, Janny H.C. | ||
| 245 | 0 | _aChapter C9 Language Data as Evidence | |
| 546 | _aEnglish[eng] | ||
| 650 | _aEnglish for law||English for specific purposes law||forensic linguistics||language and the law||legal English||legal genres | ||
| 856 | _uhttps://library.oapen.org/bitstream/20.500.12657/48574/1/9781315436258_oachapterC9.pdf | ||
| 942 | _cEB | ||
| 999 |
_c13059 _d13059 |
||